The National Museum of American History /

Bibliographic Details
Main Author: Abbott, Shirley
Format: Book
Language:English
Published: New York : H.N. Abrams, 1981.
Edition:1st ed.
Subjects:

MARC

Tag First Indicator Second Indicator Subfields
LEADER 00000pam a2200000 a 4500
001 in00000074464
005 20151008053544.0
008 810309s1981 nyua b 00110 eng
010 |a  81005032  
020 |a 0810913631 :  |c $50.00 
035 |a (OCoLC)07271942 
035 |9 AAH7823AM 
039 0 |a 2  |b 3  |c 3  |d 3  |e 3 
040 |a DLC  |c DLC  |d TXA  |d UtOrBLW 
043 |a n-us---  |a n-us-dc 
049 |a TXAM  |c [1672089] 
050 0 0 |a E169.1  |b .A117 
082 0 |a 973  |2 19 
100 1 |a Abbott, Shirley. 
245 1 4 |a The National Museum of American History /  |c by Shirley Abbott. 
250 |a 1st ed. 
264 1 |a New York :  |b H.N. Abrams,  |c 1981. 
300 |a 495 pages :  |b color illustrations ;  |c 30 cm. 
336 |a text  |b txt  |2 rdacontent 
337 |a unmediated  |b n  |2 rdamedia 
338 |a volume  |b nc  |2 rdacarrier 
500 |a Includes index. 
504 |a Bibliography: pages 490-492. 
610 2 0 |a National Museum of American History (U.S.) 
651 0 |a United States  |x Civilization. 
999 |a MARS 
999 f f |s 577007b8-ac9d-334b-8063-47a83446ed40  |i 2b1335a6-26a7-34e8-99dd-fbf76b1524cd  |t 0 
952 f f |p ric  |a Texas A&M University  |b Rellis Campus  |c Joint Library Facility  |d Remote Storage  |t 0  |e E169.1 .A117  |h Library of Congress classification  |i unmediated -- volume  |m A14806105033 
998 f f |a E169.1 .A117  |t 0  |l Remote Storage